000 00337nam a22001457a 4500
020 _a0-201-17288-7
082 _a621.3192 NIL'E
100 _aNILSON, JAMES.W
_967703
245 _aELECRTIC CIRCUITS
250 _a3RD
260 _aNEWYORK
_bADDISON WESLEY
_c1991
300 _a829P
650 _aELECTRIC CIRCUIT
_967704
942 _cBK
999 _c575420
_d575420